Languages of Countries That Start with G - Statistics

General Stats
  • This quiz has been taken 22 times
  • The average score is 11 of 13
Answer Stats
Hint Answer % Correct
Gambia English
100%
Ghana English
100%
Grenada English
100%
Guyana English
100%
Germany German
100%
Greece Greek
100%
Gabon French
95%
Guinea French
95%
Georgia Georgian
95%
Guatemala Spanish
95%
Guinea-Bissau Portuguese
89%
Ghana Akan
21%
Guinea-Bissau Guinea-Bissau Creole
5%
No matching quizzes found
Score Distribution
Percent of People with Each Score
Percentile by Number Answered
Your Score History
You have not taken this quiz